| 000 | 01086nam a22002297a 4500 | ||
|---|---|---|---|
| 999 |
_c21701 _d21701 |
||
| 003 | AR-CdUCM | ||
| 008 | 190425b ||||| |||| 00| 0 spa d | ||
| 040 |
_aMUNICIPALIDAD PROVINCIAL DEL CUSCO _cBIBLIOTECA MUNICIPAL DEL CUSCO |
||
| 082 |
_aRev.Univ/N°29/1919 _bRev.Univ/N°29/1919 |
||
| 110 |
_aUniversidad Nacional de San Antonio Abad del Cusco _915942 |
||
| 245 |
_aRevista Universitaria : _bÓrgano de la Universidad del Cuzco / |
||
| 260 |
_aCusco : _bEl Trabajo, _csetiembre,1919. |
||
| 300 |
_a52 páginas. : _c20 cm. |
||
| 440 |
_aRevista Universitaria _nAño VIII, jsetiembre 1919, N°29 _945809 |
||
| 505 | _aContenido: Discurso académico, pronunciado por Fortunato L. Herrera en la apertura de la Universidad de 1919. -- Organización de las escuelas Rurales. Bravo Mejia. -- Los Varayocc. Pastor Ordoñez. -- La crisis universitaria. Luis Bustamante i Rivero. | ||
| 650 |
_aEscuelas rurales _94642 |
||
| 650 |
_aVarayoq _945810 |
||
| 650 |
_aSiglo XX _945802 |
||
| 710 |
_aUniversidad Nacional de San Antonio Abad del Cusco _915942 |
||
| 942 |
_2ddc _cPP |
||
| 945 | _arac | ||